00879nam a2200241 a 4500001001000000005001700010008004100027020001500068040001300083050002000096245007500116260002500191300004200216500004200258504003100300610007500331650003900406700005400445902000800499942001100507999001500518952010400533BRCA_177120190320203537.0950323s1994 mx-a---##b---#000-0#spa-# a9686651942 aDLCcDLC 4aR751b.P35 199410aEl Palacio de la Escuela de MedicinacMartha Fernández ... [et al.]. aMéxicobUNAMc1994 a172 p.bil. (algunas a color)c32 cm. aColección Sonia Corcuera de Mancera aBibliografía: p. 171-17224aUniversidad Nacional Autónoma de MéxicobEscuela de Medicina9551214aMedicinaxHistoriazMéxico955131 aFernández, Marthaq(Fernández García)95514 aDSC 2lcccB c1553d1553 00104070aBRCAbBRCAd2008-06-27l0oR751 .P35 1994pDSC00021r2019-03-22 00:00:00w2019-03-22yB